| 000 | 00833nam a22002537a 4500 | ||
|---|---|---|---|
| 003 | DO-SdBNP | ||
| 005 | 20220303114005.0 | ||
| 008 | 210317b2002 dr ||00| 0 spa d | ||
| 020 | _a9993439088 | ||
| 040 |
_aBPMSU _bspa _cBPMSU |
||
| 082 |
_aR928.71 _bG984t 2002 _222 |
||
| 100 | 1 |
_aGutiérrez, Franklin _d1951 - |
|
| 245 | 1 | 0 |
_a33 historiadores dominicanos / _cFranklin Gutiérrez |
| 246 | 1 | 3 | _aTreinta y tres historiadores dominicanos |
| 260 |
_aSanto Domingo : _bLibrería la Trinitaria, _c2002. |
||
| 300 |
_a161 p. : _bil. ; _c25 cm. |
||
| 500 | _aIncluye datos biográfico del autor en la en la contracubierta | ||
| 504 | _aBibliografía : p.159 - 161 | ||
| 590 | _aInventariado, 2021/VM | ||
| 650 | 4 | _aHistoriadores dominicanos | |
| 650 | 4 | _aAutores dominicanos | |
| 910 | _aMCabrera/VMateo | ||
| 942 |
_2ddc _cBK |
||
| 999 |
_c13401 _d13401 |
||